[Event "BL2-Ost 2223"]
[Site "Germany"]
[Date "2022.11.27"]
[Round "4.4"]
[White "Heistermann, Till"]
[Black "Spiess, Gunter"]
[Result "1/2-1/2"]
[WhiteElo "2194"]
[BlackElo "2386"]
[PlyCount "91"]
[EventDate "2022.10.22"]
[EventType "team-tourn"]
[EventRounds "10"]
[EventCountry "GER"]
[SourceTitle "EXT 2024"]
[Source "ChessBase"]
[SourceDate "2023.10.10"]
[SourceVersion "1"]
[SourceVersionDate "2023.10.10"]
[SourceQuality "1"]
[WhiteTeam "Leipzig SG"]
[BlackTeam "Nickelhuette Aue"]
[WhiteTeamCountry "GER"]
[BlackTeamCountry "GER"]

1. c4 e6 2. Nf3 d5 3. g3 dxc4 4. Bg2 a6 5. a4 Nc6 6. Qc2 e5 7. Qxc4 Be6 8. Qc2 Nf6 9. d3 Be7 10. Nbd2 Nd5 11. 0-0 Ndb4 12. Qd1 f5 13. Ne1 0-0 14. Nc2 Nd5 15. Nc4 Qd7 16. d4 e4 17. Bd2 a5 18. b3 b6 19. e3 Rad8 20. Qe2 Nf6 21. Bc3 Bf7 22. Rfc1 Bh5 23. Qf1 Nd5 24. Bd2 Kh8 25. N2a3 Bf6 26. Nc2 Qe6 27. Rab1 g5 28. b4 axb4 29. Nxb4 Ncxb4 30. Bxb4 Nxb4 31. Rxb4 Ra8 32. Nb2 Be7 33. Rbc4 Bd6 34. Qe1 Ra7 35. Qd2 Bf7 36. Rd1 Qd5 37. Bf1 Qa5 38. Qxa5 Rxa5 39. Rc3 Be8 40. Nc4 Bb4 41. Rb3 Rxa4 42. Nb2 Bd6 43. Nxa4 Bxa4 44. Rbb1 Bxd1 45. Rxd1 f4 46. Bg2 1/2-1/2

[Event "Oberliga Ost-A 1920"]
[Site "Germany"]
[Date "2020.02.29"]
[Round "8.4"]
[White "Puls, Thomas"]
[Black "Heistermann, Till"]
[Result "1/2-1/2"]
[WhiteElo "2177"]
[BlackElo "2166"]
[PlyCount "99"]
[EventDate "2019.09.29"]
[EventType "team-tourn"]
[EventRounds "11"]
[EventCountry "GER"]
[SourceTitle "EXT 2023"]
[Source "ChessBase"]
[SourceDate "2022.10.05"]
[SourceVersion "1"]
[SourceVersionDate "2022.10.05"]
[SourceQuality "1"]
[WhiteTeam "Halle USV"]
[BlackTeam "Leipzig SG"]
[WhiteTeamCountry "GER"]
[BlackTeamCountry "GER"]

1. e4 c5 2. Nf3 e6 3. g3 Nc6 4. Bg2 Nf6 5. Qe2 d5 6. exd5 Nxd5 7. Nc3 Be7 8. 0-0 0-0 9. Re1 Ncb4 10. Nxd5 Nxd5 11. d4 cxd4 12. Nxd4 Bf6 13. Rd1 Qe7 14. c4 Nc7 15. Be3 e5 16. Nb3 Ne6 17. Rd5 Qc7 18. Rad1 Be7 19. Rb5 Nd8 20. Bd2 Be6 21. Rc1 Rc8 22. Rxe5 Bd6 23. Re4 Bf5 24. Re8 Nc6 25. Rxf8+ Bxf8 26. Be3 Rd8 27. Qf3 Be6 28. Qe2 g6 29. Nd2 Bg7 30. Nf3 h6 31. b3 Qe5 32. Rc2 Kh7 33. h3 Bf5 34. Rd2 Re8 35. Rd5 Qc3 36. Kh2 Nb4 37. Qd2 Nxd5 38. cxd5 b6 39. Qd1 Qc2 40. Qxc2 Bxc2 41. Nd2 Bd3 42. Nc4 Bxc4 43. bxc4 Bf8 44. Bf3 Bd6 45. Kg2 Kg7 46. Bd1 Rc8 47. Bb3 g5 48. Kf3 Kf6 49. Bd2 Be5 50. Ke4 1/2-1/2

[Event "GER-ch blitz"]
[Site "Magdeburg"]
[Date "2019.05.25"]
[Round "13"]
[White "Heistermann, Till"]
[Black "Kopylov, Michael"]
[Result "1/2-1/2"]
[WhiteElo "2181"]
[BlackElo "2413"]
[PlyCount "164"]
[EventDate "2019.05.25"]
[EventType "tourn (blitz)"]
[EventRounds "29"]
[EventCountry "GER"]
[SourceTitle "CBM 190 Extra"]
[Source "ChessBase"]
[SourceDate "2019.07.15"]
[SourceVersion "1"]
[SourceVersionDate "2019.07.15"]
[SourceQuality "1"]

1. c4 f5 2. g3 Nf6 3. Bg2 g6 4. Nc3 Bg7 5. Nf3 d6 6. d4 0-0 7. d5 Na6 8. Nd4 Nc5 9. 0-0 a5 10. b3 Bd7 11. Bb2 g5 12. Qc2 f4 13. a3 Qe8 14. b4 Na6 15. Qb3 Qh5 16. Ne4 Ng4 17. h3 Ne5 18. g4 Qh6 19. Ne6 Bxe6 20. dxe6 c6 21. b5 Nc7 22. Rab1 a4 23. Qc2 Nxe6 24. Bxe5 Bxe5 25. bxc6 bxc6 26. Nd2 Nd4 27. Qd3 Rab8 28. Nf3 Qf6 29. Nxd4 Bxd4 30. Bxc6 Kg7 31. Bxa4 Bc5 32. Bc2 Rh8 33. Rxb8 Rxb8 34. Qxh7+ Kf8 35. a4 Rb2 36. Bd3 f3 37. exf3 Qe5 38. Qf5+ Qxf5 39. Bxf5 Ra2 40. Bd7 Kf7 41. Kg2 Kf6 42. Kg3 Rc2 43. h4 gxh4+ 44. Kxh4 Bxf2+ 45. Kh3 Bd4 46. Bb5 Ra2 47. Kg3 e5 48. f4 Ra3+ 49. Kh4 exf4 50. Rxf4+ Ke5 51. Rf5+ Ke6 52. Kg5 Be3+ 53. Kg6 Bd4 54. Bc6 Ke7 55. g5 Be5 56. Rf7+ Kd8 57. Rd7+ Kc8 58. Rf7 Kd8 59. Kf5 Kc8 60. Ke6 Rg3 61. Rf5 Kd8 62. a5 Kc7 63. Bb5 Re3 64. a6 Kb6 65. Kf7 Bd4 66. g6 Rg3 67. Rd5 Be5 68. Rd1 Rf3+ 69. Ke6 Rf6+ 70. Kd5 Rxg6 71. Rb1 Ka7 72. Rh1 Rg7 73. Rh6 Rc7 74. Re6 Kb6 75. Ke4 Rg7 76. Rxe5 dxe5 77. Kxe5 Rg1 78. Kd4 Rd1+ 79. Ke5 Rd2 80. Ke6 Rd1 81. Ke5 Rd2 82. Ke4 Rd1 1/2-1/2

[Event "GER-ch blitz"]
[Site "Magdeburg"]
[Date "2019.05.25"]
[Round "5"]
[White "Heistermann, Till"]
[Black "Krause, Benedict"]
[Result "0-1"]
[WhiteElo "2181"]
[BlackElo "2434"]
[PlyCount "120"]
[EventDate "2019.05.25"]
[EventType "tourn (blitz)"]
[EventRounds "29"]
[EventCountry "GER"]
[SourceTitle "CBM 190 Extra"]
[Source "ChessBase"]
[SourceDate "2019.07.15"]
[SourceVersion "1"]
[SourceVersionDate "2019.07.15"]
[SourceQuality "1"]

1. Nf3 Nf6 2. g3 g6 3. Bg2 Bg7 4. 0-0 0-0 5. c4 c6 6. d4 d5 7. cxd5 cxd5 8. Nc3 Ne4 9. e3 Nxc3 10. bxc3 Nc6 11. Qb3 Na5 12. Qa4 Bd7 13. Qb4 e6 14. Nd2 Rc8 15. Ba3 Re8 16. Qb2 b6 17. Rac1 Nc4 18. Nxc4 Rxc4 19. Rfe1 Bf8 20. e4 dxe4 21. Bxe4 Bc6 22. Bxf8 Rxf8 23. Qe2 Bd5 24. Rc2 Bxe4 25. Qxe4 Qd7 26. h4 h5 27. g4 hxg4 28. Qxg4 Qd5 29. Re3 Rfc8 30. Rd3 b5 31. a3 a5 32. h5 Qxh5 33. Qxh5 gxh5 34. Rb2 Rxc3 35. Rxc3 Rxc3 36. Rxb5 Rxa3 37. Rxh5 Kg7 38. Kg2 Kf6 39. Rb5 Ra1 40. d5 exd5 41. Rxd5 a4 42. Ra5 a3 43. Kh2 Ke6 44. Kg2 Kd6 45. Ra7 Kc5 46. Rxf7 Rd1 47. Ra7 Kb4 48. f4 Kb3 49. Kg3 a2 50. Kg4 a1Q 51. Rxa1 Rxa1 52. Kf5 Kc4 53. Ke5 Re1+ 54. Kd6 Rf1 55. Ke5 Kc5 56. f5 Re1+ 57. Kf6 Kd6 58. Kg7 Ke7 59. f6+ Ke6 60. f7 Rg1+ 0-1

[Event "GER-ch blitz"]
[Site "Magdeburg"]
[Date "2019.05.25"]
[Round "20"]
[White "Heistermann, Till"]
[Black "Schneider, Ilja"]
[Result "0-1"]
[WhiteElo "2181"]
[BlackElo "2494"]
[PlyCount "79"]
[EventDate "2019.05.25"]
[EventType "tourn (blitz)"]
[EventRounds "29"]
[EventCountry "GER"]
[SourceTitle "CBM 190 Extra"]
[Source "ChessBase"]
[SourceDate "2019.07.15"]
[SourceVersion "1"]
[SourceVersionDate "2019.07.15"]
[SourceQuality "1"]

1. c4 c6 2. Nf3 Nf6 3. e3 d5 4. Nc3 a6 5. b3 Bg4 6. Be2 e6 7. 0-0 Bd6 8. d4 0-0 9. Bb2 Nbd7 10. h3 Bh5 11. Qc2 Qe7 12. e4 Bg6 13. Bd3 dxc4 14. bxc4 e5 15. d5 Nc5 16. Rfe1 Rfd8 17. Nh4 Rac8 18. Qe2 cxd5 19. cxd5 b5 20. Nxg6 hxg6 21. Bc2 Nfd7 22. Nd1 Nb6 23. Bb3 Nca4 24. Bxa4 Nxa4 25. Ne3 Bc5 26. Rab1 Bd4 27. Bxd4 exd4 28. Nd1 Nc3 29. Nxc3 dxc3 30. Qc2 Qc5 31. Re3 b4 32. Rd3 a5 33. Rbd1 Qc4 34. e5 a4 35. Rd4 b3 36. axb3 axb3 37. Qe4 c2 38. Re1 c1Q 39. Rxc4 Qxc4 40. e6 0-1

[Event "GER-ch blitz"]
[Site "Magdeburg"]
[Date "2019.05.25"]
[Round "11"]
[White "Heistermann, Till"]
[Black "Schulze, Marc Andre"]
[Result "0-1"]
[WhiteElo "2181"]
[BlackElo "2220"]
[PlyCount "98"]
[EventDate "2019.05.25"]
[EventType "tourn (blitz)"]
[EventRounds "29"]
[EventCountry "GER"]
[SourceTitle "CBM 190 Extra"]
[Source "ChessBase"]
[SourceDate "2019.07.15"]
[SourceVersion "1"]
[SourceVersionDate "2019.07.15"]
[SourceQuality "1"]

1. d4 Nf6 2. Bf4 d6 3. e3 Bf5 4. Nf3 c6 5. Nbd2 Nbd7 6. Be2 h6 7. h3 Qc7 8. 0-0 e5 9. dxe5 dxe5 10. Bh2 Rd8 11. Qc1 Ne4 12. Nc4 f6 13. Nh4 Be6 14. Bh5+ Bf7 15. Bxf7+ Kxf7 16. f4 exf4 17. Bxf4 Qc8 18. Nf5 Nb6 19. Nxb6 axb6 20. Nd4 Bc5 21. c3 Rhe8 22. Qc2 Bxd4 23. exd4 Kg8 24. Rae1 Qe6 25. Bc7 Rd7 26. Bxb6 f5 27. Qb3 Rd5 28. c4 Rd7 29. Qf3 Rf7 30. Qd3 Ra8 31. a3 Ra4 32. d5 cxd5 33. c5 Qc6 34. Rd1 d4 35. b4 Nc3 36. Ra1 Qe4 37. Qc4 Ne2+ 38. Kh2 Qe5+ 39. Kh1 Ng3+ 40. Kg1 Nxf1 41. Qxf1 f4 42. Re1 Qd5 43. Qd3 Ra8 44. Re4 f3 45. Qxd4 f2+ 46. Kf1 Qb3 47. Rf4 Rxf4 48. Qxf4 Qd1+ 49. Kxf2 Rf8 0-1

[Event "GER-ch blitz"]
[Site "Magdeburg"]
[Date "2019.05.25"]
[Round "17"]
[White "Heistermann, Till"]
[Black "Voege, Tobias"]
[Result "1/2-1/2"]
[WhiteElo "2181"]
[BlackElo "2294"]
[PlyCount "112"]
[EventDate "2019.05.25"]
[EventType "tourn (blitz)"]
[EventRounds "29"]
[EventCountry "GER"]
[SourceTitle "CBM 190 Extra"]
[Source "ChessBase"]
[SourceDate "2019.07.15"]
[SourceVersion "1"]
[SourceVersionDate "2019.07.15"]
[SourceQuality "1"]

1. c4 c5 2. g3 g6 3. Bg2 Bg7 4. Nc3 Nf6 5. e3 0-0 6. Nge2 d6 7. 0-0 Nbd7 8. d4 Rb8 9. b3 a6 10. a4 b6 11. Bb2 Bb7 12. d5 Ne8 13. Qc2 e6 14. e4 Nc7 15. Rad1 exd5 16. exd5 Re8 17. Ne4 Ne5 18. h3 f5 19. Nd2 b5 20. axb5 axb5 21. Nf4 bxc4 22. bxc4 Ba6 23. Ba1 Bc8 24. Nd3 Nxd3 25. Qxd3 Na6 26. Bxg7 Kxg7 27. Rfe1 Bd7 28. Nf3 Qf6 29. h4 Nb4 30. Qd2 h6 31. Bf1 Ba4 32. Rxe8 Rxe8 33. Re1 Re4 34. Kg2 Bb3 35. Rc1 Ba4 36. Qc3 Qxc3 37. Rxc3 Bd1 38. Nd2 Rd4 39. Nf3 Bxf3+ 40. Kxf3 g5 41. hxg5 hxg5 42. Ra3 Kf6 43. Re3 Rd1 44. Re6+ Kf7 45. Be2 Rd4 46. Rxd6 Nc2 47. Rd7+ Kf6 48. Rc7 Rd2 49. Bf1 g4+ 50. Kg2 Ne1+ 51. Kh1 Rd1 52. Kh2 Nf3+ 53. Kg2 Ne1+ 54. Kg1 Nf3+ 55. Kg2 Ne1+ 56. Kg1 Ke5 1/2-1/2

[Event "GER-ch blitz"]
[Site "Magdeburg"]
[Date "2019.05.25"]
[Round "25"]
[White "Zelbel, Patrick"]
[Black "Heistermann, Till"]
[Result "1-0"]
[WhiteElo "2439"]
[BlackElo "2181"]
[PlyCount "131"]
[EventDate "2019.05.25"]
[EventType "tourn (blitz)"]
[EventRounds "29"]
[EventCountry "GER"]
[SourceTitle "CBM 190 Extra"]
[Source "ChessBase"]
[SourceDate "2019.07.15"]
[SourceVersion "1"]
[SourceVersionDate "2019.07.15"]
[SourceQuality "1"]

1. e4 d6 2. d4 e5 3. Nf3 exd4 4. Nxd4 Nf6 5. Nc3 Be7 6. Be2 0-0 7. Bf4 Nc6 8. Nxc6 bxc6 9. e5 dxe5 10. Qxd8 Rxd8 11. Bxe5 Bd6 12. 0-0-0 Be6 13. Bd4 Be7 14. Bf3 Nd5 15. Ne4 a5 16. Rhe1 Rab8 17. a3 h6 18. g3 Bf5 19. h4 Kf8 20. Nc3 Be6 21. Na4 Kg8 22. Nc5 Bxc5 23. Bxc5 a4 24. Re4 Nb6 25. Bxb6 cxb6 26. Rxa4 Rxd1+ 27. Kxd1 c5 28. Ra8 Rxa8 29. Bxa8 Kf8 30. Kd2 Ke7 31. Ke3 Kd6 32. b3 f6 33. Be4 g5 34. f4 gxh4 35. gxh4 Bf7 36. Kd3 Be6 37. Kc3 Bf7 38. b4 Be6 39. Bd3 Bd7 40. Bc4 Bf5 41. Bf7 Bd7 42. Kc4 cxb4 43. axb4 Bc6 44. Kd4 Bd7 45. c4 Bg4 46. c5+ bxc5+ 47. bxc5+ Kc6 48. Be8+ Kc7 49. Kd5 Bf5 50. Ba4 Bg4 51. Bc2 Bc8 52. Bg6 Bd7 53. Bf7 Bg4 54. Bg8 Bh3 55. Bf7 Bg4 56. Be8 Bh3 57. Ba4 Bg4 58. Ke4 Bh3 59. Kf3 Bf5 60. Ke3 Bh3 61. Kd4 Bg4 62. Kd5 Bh3 63. Bc2 Bg4 64. f5 Bh3 65. Be4 Bg4 66. Ke6 1-0

[Event "Oberliga Ost-A 1819"]
[Site "Germany"]
[Date "2018.11.11"]
[Round "3.2"]
[White "Cerveny, Martin"]
[Black "Heistermann, Till"]
[Result "1-0"]
[WhiteElo "2329"]
[BlackElo "2204"]
[PlyCount "51"]
[EventDate "2018.10.21"]
[EventType "team-tourn"]
[EventRounds "11"]
[EventCountry "GER"]
[SourceTitle "EXT 2020"]
[Source "ChessBase"]
[SourceDate "2019.10.17"]
[SourceVersion "1"]
[SourceVersionDate "2019.10.17"]
[SourceQuality "1"]
[WhiteTeam "Aue Nickelhuette II"]
[BlackTeam "Leipzig SG"]
[WhiteTeamCountry "GER"]
[BlackTeamCountry "GER"]

1. d4 Nf6 2. Nf3 g6 3. c4 c5 4. d5 b5 5. cxb5 a6 6. e3 d6 7. Nc3 Bg7 8. a4 0-0 9. e4 axb5 10. Bxb5 Ba6 11. Bf4 Qa5 12. 0-0 Nbd7 13. Re1 Bxb5 14. axb5 Qb6 15. h3 Qb7 16. Qd2 Nb6 17. Qe2 Rxa1 18. Rxa1 Ra8 19. Ra6 c4 20. Rxa8+ Qxa8 21. Nd4 Nfxd5 22. exd5 Bxd4 23. Qxe7 Nxd5 24. Nxd5 Qxd5 25. Qd8+ Kg7 26. Bxd6 1-0

[Event "Oberliga Ost-A 1718"]
[Site "Germany"]
[Date "2018.04.14"]
[Round "10.4"]
[White "Heistermann, Till"]
[Black "Hartge, Gedeon"]
[Result "1/2-1/2"]
[WhiteElo "2155"]
[BlackElo "2144"]
[PlyCount "23"]
[EventDate "2017.10.22"]
[EventType "team-tourn"]
[EventRounds "11"]
[EventCountry "GER"]
[SourceTitle "EXT 2019"]
[Source "ChessBase"]
[SourceDate "2018.10.10"]
[SourceVersion "1"]
[SourceVersionDate "2018.10.10"]
[SourceQuality "1"]
[WhiteTeam "Leipzig SG II"]
[BlackTeam "Halle USV"]
[WhiteTeamCountry "GER"]
[BlackTeamCountry "GER"]

1. g3 e5 2. c4 Nc6 3. Bg2 Nf6 4. Nc3 Bc5 5. a3 a6 6. e3 d6 7. Nge2 Bf5 8. d3 Qd7 9. h3 h5 10. Nd5 Nxd5 11. cxd5 Ne7 12. e4 1/2-1/2

[Event "Oberliga Ost-A 1617"]
[Site "Germany"]
[Date "2017.05.06"]
[Round "10.8"]
[White "Heistermann, Till"]
[Black "Stein, Robert"]
[Result "1/2-1/2"]
[WhiteElo "2109"]
[BlackElo "2130"]
[PlyCount "27"]
[EventDate "2016.10.16"]
[EventType "team-tourn"]
[EventRounds "11"]
[EventCountry "GER"]
[SourceTitle "EXT 2018"]
[Source "ChessBase"]
[SourceDate "2017.10.13"]
[SourceVersion "1"]
[SourceVersionDate "2017.10.13"]
[SourceQuality "1"]
[WhiteTeam "Leipzig SG"]
[BlackTeam "Loeberitz"]
[WhiteTeamCountry "GER"]
[BlackTeamCountry "GER"]

1. c4 Nf6 2. g3 e6 3. Bg2 d5 4. Nf3 Be7 5. 0-0 0-0 6. b3 b6 7. Bb2 Bb7 8. cxd5 Nxd5 9. d4 Nd7 10. Nbd2 a5 11. a3 c5 12. Rc1 N5f6 13. Qc2 a4 14. bxa4 1/2-1/2

[Event "Oberliga Ost-A 1617"]
[Site "Germany"]
[Date "2017.04.23"]
[Round "9.8"]
[White "Heistermann, Till"]
[Black "Kahe, Ralph"]
[Result "0-1"]
[WhiteElo "2109"]
[BlackElo "2147"]
[PlyCount "86"]
[EventDate "2016.10.16"]
[EventType "team-tourn"]
[EventRounds "11"]
[EventCountry "GER"]
[SourceTitle "EXT 2018"]
[Source "ChessBase"]
[SourceDate "2017.10.13"]
[SourceVersion "1"]
[SourceVersionDate "2017.10.13"]
[SourceQuality "1"]
[WhiteTeam "Leipzig SG"]
[BlackTeam "Magdeburg Rochade"]
[WhiteTeamCountry "GER"]
[BlackTeamCountry "GER"]

1. g3 g6 2. Bg2 Bg7 3. c4 c5 4. Nc3 Nc6 5. a3 d6 6. Nf3 Bd7 7. Rb1 a5 8. 0-0 Rb8 9. e3 Bf5 10. d3 Nf6 11. e4 Bg4 12. h3 Bxf3 13. Bxf3 0-0 14. Be3 Ne8 15. Bg2 Nc7 16. Ne2 Ne6 17. Qd2 b5 18. b3 Ned4 19. Nxd4 Bxd4 20. Bh6 Bg7 21. Be3 Nd4 22. Bxd4 Bxd4 23. Bf3 Qb6 24. Bd1 bxc4 25. dxc4 Kg7 26. Bc2 Ra8 27. Kg2 e5 28. f4 f6 29. h4 h6 30. Rh1 Qc6 31. Kh2 g5 32. hxg5 hxg5 33. fxg5 f5 34. Qe2 f4 35. Rbf1 Qd7 36. gxf4 exf4 37. Qf3 Qe7 38. Rfg1 Rh8+ 39. Kg2 Bxg1 40. Rxg1 Qe5 41. Qd3 f3+ 42. Kf1 Raf8 43. Qd5 f2 0-1

[Event "Oberliga Ost-A 1617"]
[Site "Germany"]
[Date "2016.10.16"]
[Round "1.8"]
[White "Heistermann, Till"]
[Black "Beyer, Till"]
[Result "0-1"]
[WhiteElo "2109"]
[BlackElo "2062"]
[PlyCount "76"]
[EventDate "2016.10.16"]
[EventType "team-tourn"]
[EventRounds "11"]
[EventCountry "GER"]
[SourceTitle "EXT 2018"]
[Source "ChessBase"]
[SourceDate "2017.10.13"]
[SourceVersion "1"]
[SourceVersionDate "2017.10.13"]
[SourceQuality "1"]
[WhiteTeam "Leipzig SG"]
[BlackTeam "Leipzig SG II"]
[WhiteTeamCountry "GER"]
[BlackTeamCountry "GER"]

1. c4 g6 2. g3 c5 3. Bg2 Bg7 4. Nc3 Nc6 5. a3 d6 6. Rb1 Nf6 7. Nh3 0-0 8. Nf4 Rb8 9. 0-0 Bd7 10. b4 Ng4 11. bxc5 dxc5 12. Bb2 Nge5 13. d3 a6 14. Ne4 b6 15. h3 e6 16. h4 Qe7 17. e3 b5 18. cxb5 axb5 19. Qc2 c4 20. d4 Ng4 21. Rfd1 Rfc8 22. Nc3 e5 23. dxe5 Ncxe5 24. Ncd5 Qe8 25. Bc3 Bc6 26. Rd2 Rd8 27. Rbd1 Bxd5 28. Rxd5 Rxd5 29. Rxd5 Rd8 30. e4 Rxd5 31. exd5 h5 32. Qd2 Qd7 33. Qe1 Qa7 34. Bb4 Nd3 35. Nxd3 cxd3 36. Kf1 Bd4 37. Qe8+ Kh7 38. d6 Be5 0-1

[Event "Oberliga Ost-A 1415"]
[Site "Germany"]
[Date "2014.09.21"]
[Round "1.8"]
[White "Sobeck, Guenter"]
[Black "Heistermann, Till"]
[Result "1/2-1/2"]
[WhiteElo "2144"]
[BlackElo "2025"]
[PlyCount "84"]
[EventDate "2014.09.21"]
[EventType "team-tourn"]
[EventRounds "11"]
[EventCountry "GER"]
[SourceTitle "EXT 2016"]
[Source "ChessBase"]
[SourceDate "2015.10.08"]
[SourceVersion "1"]
[SourceVersionDate "2015.10.08"]
[SourceQuality "1"]
[WhiteTeam "Chemnitz USG"]
[BlackTeam "Leipzig SG II"]
[WhiteTeamCountry "GER"]
[BlackTeamCountry "GER"]

1. e4 d6 2. d4 e5 3. Nf3 exd4 4. Qxd4 Nf6 5. Nc3 Be7 6. h3 0-0 7. Bg5 Nc6 8. Qd2 Be6 9. 0-0-0 a6 10. Kb1 b5 11. Qf4 h6 12. Bxf6 Bxf6 13. Nd5 Bxd5 14. exd5 Ne7 15. h4 Ng6 16. Qg3 Be5 17. Nxe5 Nxe5 18. Qf4 f5 19. Rh3 Qf6 20. Rc3 Rf7 21. g3 g5 22. hxg5 hxg5 23. Qd4 Ng4 24. Qd2 Kg7 25. Re1 Re7 26. Rxe7+ Qxe7 27. f3 Ne5 28. Re3 Qf7 29. f4 Ng4 30. Re6 Re8 31. Rxe8 Qxe8 32. b3 Qe3 33. Qd3 Kf6 34. a4 gxf4 35. gxf4 bxa4 36. bxa4 Qxf4 37. Qxa6 Ne3 38. Bd3 Qb4+ 39. Kc1 Qe1+ 40. Kb2 Qb4+ 41. Kc1 Qe1+ 42. Kb2 Qb4+ 1/2-1/2